000 00354nam a2200145Ia 4500
008 191201s2007 xx 000 0 und d
082 _a658.3
_bMAH
100 _aMAMORIA, C B
245 0 _aTextbook of Human Resource Management
250 _aRep
260 _aN.Delhi
_bHimalaya Publication House
_c2007
300 _a398
650 _aBBA
942 _2ddc
_cBK
999 _c56
_d56